LEADER 01074nam a2200253 u 4500 001 000000073871 003 CaOOAMICUS 005 20070226122411.0 008 021125s1988 sp u000 u ita u 035 $a10945820 040 $aPUL$bita 100 1 $aBrogi, Marco.$0(OLS)http://pul/name/48937 245 10$aCodificazione del diritto comune delle chiese orientali cattoliche /$cMarco Brogi. 260 $aSalamanca :$b[s.n.],$c1988. 300 $a30 p. ;$c24 cm 490 1 $aMonografías de derecho canónico ;$v26 504 $aBibliografia in nota. 650 4$aChiese orientali.$0(OLS)http://pul/subject/8592 830 0$aMonografías de derecho canónico ;$v26.$0(OLS)http://pul/title/97079 850 $aPUL 852 $aPUL$W1$xSL Diritto Canonico 3$y77$m262. 99 CAN.3 14$j95404$nBK-PRI$b $qDDC 21$B95404$CPULBib$Z2$F95404 $H88810 $82 941 1 $a9 996 $6245$aCodificazione del diritto comune delle chiese orientali cattoliche$9(OLS)http://pul/title/97088 996 $6260$aSalamanca :$b[s.n.]$9(OLS)http://pul/publisher/53020 LEADER 01182nam a2200313 a 4500 001 000000170984 003 CaOOAMICUS 005 20181207141926.0 008 181207s2018 it u000 u ita r 020 $a978-88-255-0700-3* 032 $aLibriCat 040 $aPUL$bita 082 14$a229 100 1 $aMartinelli, Bortolo.$0(OLS)http://pul/name/62947 245 13$aIl falso vangelo di Barnaba / $cBortolo Martinelli . 260 $aRoma :$bAracne,$c©2018. 300 $a786 p. ; $c24 cm. 490 1 $aA10 500 $aSulla coperta : prove e verifiche, il testo e il commento. 630 04$aBiblia.$pN.T.$pApocripha.$0(OLS)http://pul/subject/45803 830 0$aA10.$0(OLS)http://pul/title/211842 850 $aPUL 852 $aPUL$W1$xSL Religione 3$y85$m229 MARBO 1$j194412$qDDC 21$B199533$CPULBib$Z2$F199533 $H131918 $81 941 1 $a9 996 $6020$a978-88-255-0700-3*$9(OLS)http://pul/number/165543 996 $6082$a229$9(OLS)http://pul/classification/544 996 $6245$aIl falso vangelo di Barnaba / $9(OLS)http://pul/title/211841 996 $6260$aRoma :$bAracne$9(OLS)http://pul/publisher/62189